Central Library OPAC University of Rajshahi
Normal view MARC view

Entry Uniform Title

Number of records used in: 3

001 - CONTROL NUMBER

  • control field: 16527

003 - CONTROL NUMBER IDENTIFIER

  • control field: BD-RjUL

005 - DATE AND TIME OF LATEST TRANSACTION

  • control field: 20250809122903.0

008 - FIXED-LENGTH DATA ELEMENTS

  • fixed length control field: 250809|| aca||aabn | a|a d

040 ## - CATALOGING SOURCE

  • Original cataloging agency: BD-RjUL
  • Transcribing agency: BD-RjUL

130 ## - HEADING--UNIFORM TITLE

  • Uniform title: The human comedy

670 ## - SOURCE DATA FOUND

  • Source citation: Work cat.: (BD-RjUL)21881: Balzac, Honoré de, 1799-1850. 67560, The celibates / Volume II, 1897.